| 000 -LEADER |
| fixed length control field |
00857nmm a2200265 a 4500 |
| 001 - CONTROL NUMBER |
| control field |
ocm000785915 |
| 003 - CONTROL NUMBER IDENTIFIER |
| control field |
TR-IsHL |
| 005 - DATE AND TIME OF LATEST TRANSACTION |
| control field |
20201028143646.0 |
| 008 - FIXED-LENGTH DATA ELEMENTS--GENERAL INFORMATION |
| fixed length control field |
140420s2013 tu eng |
| 007 - PHYSICAL DESCRIPTION FIXED FIELD--GENERAL INFORMATION |
| fixed length control field |
cr cn |
| 020 ## - INTERNATIONAL STANDARD BOOK NUMBER |
| International Standard Book Number |
9781304560643 |
| 035 ## - SYSTEM CONTROL NUMBER |
| System control number |
785915 |
| -- |
(N$T) |
| 050 04 - LIBRARY OF CONGRESS CALL NUMBER |
| Classification number |
BS2095 |
| Item number |
.K56 2013 |
| 090 04 - LOCALLY ASSIGNED LC-TYPE CALL NUMBER (OCLC); LOCAL CALL NUMBER (RLIN) |
| Classification number (OCLC) (R) ; Classification number, CALL (RLIN) (NR) |
BS2095 |
| Local cutter number (OCLC) ; Book number/undivided call number, CALL (RLIN) |
.K56 2013 |
| 100 1# - MAIN ENTRY--PERSONAL NAME |
| Personal name |
King, James |
| 245 10 - TITLE STATEMENT |
| Title |
King James version of Bible: old & new testaments |
| Medium |
[electronic resource] / |
| Statement of responsibility, etc. |
James King |
| 260 ## - PUBLICATION, DISTRIBUTION, ETC. |
| Place of publication, distribution, etc. |
İstanbul : |
| Name of publisher, distributor, etc. |
E-Kitap Projesi, |
| Date of publication, distribution, etc. |
2013 |
| 300 ## - PHYSICAL DESCRIPTION |
| Extent |
1714 p. |
| 650 #4 - SUBJECT ADDED ENTRY--TOPICAL TERM |
| Topical term or geographic name entry element |
Felsefe, Psikoloji ve Din |
| 650 #4 - SUBJECT ADDED ENTRY--TOPICAL TERM |
| Topical term or geographic name entry element |
Philosophy, Psychology and Religion |
| 650 #0 - SUBJECT ADDED ENTRY--TOPICAL TERM |
| Topical term or geographic name entry element |
İncil |
| 650 #0 - SUBJECT ADDED ENTRY--TOPICAL TERM |
| Topical term or geographic name entry element |
Bible |
| 650 #7 - SUBJECT ADDED ENTRY--TOPICAL TERM |
| Topical term or geographic name entry element |
RELIGION / Biblical Studies / Bible Study Guides |
| Source of heading or term |
bisacsh |
| 856 40 - ELECTRONIC LOCATION AND ACCESS |
| Uniform Resource Identifier |
<a href="http://search.ebscohost.com/login.aspx?direct=true&scope=site&db=e011xww&AN=785915">http://search.ebscohost.com/login.aspx?direct=true&scope=site&db=e011xww&AN=785915</a> |